000 00474nam a2200193 a 4500
001 1772446938062
003 YourLibrary
005 20260302155320.0
008 260302s2007##################000#0#eng##
020 _a9780195336221
082 0 4 _a323.1196
_bKIN
100 1 _aKing, Desmond S.,
_eauthor.
245 1 0 _aSeparate and Unequal :
260 _c2007.
300 _a388 pages
650 0 _aHistory.
942 _cENGLISH
040 _aYourLibrary
_beng
_cYourLibrary
999 _c616485
_d616485